Associe villes et pays (Click extrême) - Statistiques

Statistiques générales
  • Ce quiz a été pris 31 fois
  • Le résultat moyen est 8 sur 20
Statistiques - réponses
Hint Réponse % Correct
Daugavpils Lettonie
58%
Suceava Roumanie
58%
Kalmar Suède
54%
Bienne Suisse
54%
Pärnu Estonie
50%
Telč Tchéquie
50%
Hasselt Belgique
46%
Niš Serbie
46%
Évora Portugal
42%
Villach Autriche
38%
Donegal Irlande
38%
Schaan Liechtenstein
38%
Middelbourg Pays-Bas
38%
Zenica Bosnie-Herzégovine
35%
Bitola Macédoine
27%
Kiruna Suède
27%
Narva Estonie
23%
Rivne Ukraine
23%
Budva Monténégro
19%
Toruń Pologne
15%
Aucun quiz correspondant
Distribution des résultats
% des personnes avec chaque résultat
Percentile par nombre de réponses
Votre historique - résultats
Vous n’avez pas pris ce quiz